000 03320cam a2200505Mi 4500
999 _c5200
_d5200
001 ocn975999590
003 OCoLC
005 20200115110556.0
008 170313t20172017fr a f b 000 0 fre d
016 7 _aFRBNF452233760000004
_2FrPBN
020 _a9782100758913 (br)
020 _a2100758918 (br)
024 3 0 _a9782100758913
029 0 _aZWZ
_b199316244
029 1 _aBDF
_bFRBNF452233760000004
035 _a(OCoLC)975999590
_z(OCoLC)990153775
040 _aZWZ
_bfre
_encafnor
_cTZ-ArACH
041 0 _afre
_bfre
_beng
049 _aTZAA
050 _aHF5668
_b.B63
082 0 4 _a657.45
_222
100 1 _aBoccon-Gibod, Sylvain.
_4aut
245 1 3 _aBoîte à outils de l'auditeur financier /
_cSylvain Boccon-Gibod, Éric Vilmint ; préface de Pierre Grafmeyer.
246 1 4 _aBoîte à outils de l'auditeur financier :
_b67 outils & méthodes
250 _a2e édition.
260 _aMalakoff :
_bDunod,
_cDL 2017,
300 _a1 vol. (191 p.) :
_btabl., graph., couv. ill. en coul. ;
_c24 cm.
490 1 _aLa boîte à outils
500 _aLa page de titre et la page de couverture portent en plus : "Avec 3 vidéos d'approfondissement"
500 _aRésumés en français et en anglais.
504 _aBibliogr. et liste de sites internet p. 190. Glossaire.
520 _aLa 4e de couverture indique : "Quels sont les principes fondamentaux de l'audit ? Quels sont les supports qui définissent le cadre réglementaire de l'audit ? Comment l'auditeur interagit-il avec ses collaborateurs sur le terrain ? Avec ses clients ? Comment constituer et présenter un dossier de travail ? Quels sont les outils techniques indispensables ? Quelles sont les étapes successives de l'audit, pour les comptes sociaux et pour les comptes consolidés ? Quelles sont les procédures analytiques et les contrôles à mettre en oeuvre ? Découvrez 67 outils indispensables à la compréhension du cadre théorique et à la mise en oeuvre pratique de l'audit. Chaque outil est traité de façon visuelle sur 2 ou 4 pages par un schéma de synthèse, l'essentiel en français et en anglais, les objectifs, le contexte d'utilisation, des conseils méthodologiques, les avantages et les précautions à prendre. Dans le cadre de votre mission d'audit, cette 2e édition, enrichie de nouveaux outils et complètement mise à jour, vous donne les outils techniques pour vous rendre opérationnel sur le terrain"
521 _aProfessionnels de l'audit financier externe et interne ; Etudiants des filières audit, comptabilité, gestion et finance ; Organismes de formation professionnelle en matières comptable et financière.
650 7 _aEntreprises
_xÉvaluation
_xGuides pratiques et mémentos.
_2ram
650 7 _aVérification comptable
_xGuides pratiques et mémentos.
_2ram
650 4 _aVérification comptable
_zFrance
_xGuides pratiques et mémentos.
653 0 _aanalyse financière
700 1 _aVilmint, Éric.
_4aut
700 1 _aGrafmeyer, Pierre.
_4aui
830 3 _aLa Boîte à outils (Paris. 2007)
856 4 2 _3Notice et cote du catalogue de la Bibliothèque nationale de France
_uhttp://catalogue.bnf.fr/ark:/12148/cb45223376q
856 4 _uhttp://www.electre.com/GetBlob.ashx?Ean=9782100758913,0-3854024&Size=Original
886 2 _2unimarc
_a181
_ai#
_bxxxe##
942 _2lcc
_cBOOK